000 00350nam a2200145Ia 4500
003 OSt
008 191201s2013 xx 000 0 und d
082 _a005.26
_bMAM
100 _aMARRIWALA, Nikhil
245 0 _aMicroprocessors and interfacing
260 _aNew Delhi
_bS.K.Kataria
_c2013
300 _a850
650 _aM.Tech (ECE)
942 _2ddc
_cBK
999 _c6691
_d6691